[Event "IM Not A GM Speed Chess"]
[Site "chess.com INT"]
[Date "2020.04.30"]
[Round "2.7"]
[White "Bartholomew, John"]
[Black "Trent, Lawrence"]
[Result "1/2-1/2"]
[WhiteTitle "IM"]
[BlackTitle "IM"]
[WhiteElo "2446"]
[BlackElo "2399"]
[WhiteFideId "2019353"]
[BlackFideId "408638"]
[EventDate "2020.04.18"]

1. c4 g6 2. d4 Bg7 3. e4 d6 4. Nc3 c5 5. d5 e6 6. Bd3 exd5 7. exd5 Ne7 8. Nf3
O-O 9. O-O Bg4 10. Bf4 Nc8 11. Ne4 Qb6 12. h3 Bxf3 13. Qxf3 Nd7 14. Rfe1 Ne5 15.
Qg3 f6 16. b3 Ne7 17. Nd2 Rae8 18. Bc2 Kh8 19. h4 Qd8 20. h5 f5 21. h6 Bf6 22.
Bxe5 dxe5 23. Rxe5 Qd6 24. f4 Ng8 25. Rae1 Bxe5 26. fxe5 Qe7 27. e6 Nxh6 28. d6
Qf6 29. e7 Rf7 30. Qd3 Rfxe7 31. dxe7 Rxe7 32. Rxe7 Qxe7 33. Nf3 Ng4 34. Qc3+
Kg8 35. Qd2 b6 36. Bd1 Kg7 37. Be2 Qf6 38. Bf1 h5 39. g3 Kh7 40. Bh3 Kg7 41. Bg2
Qe7 42. Qc3+ Kh7 43. Qe1 Qd6 44. Qd2 Qxg3 45. Ng5+ Kg7 46. Qd7+ Kf6 47. Qd8+ Kg7
48. Qe7+ Kh6 49. Nf7+ Kg7 50. Ng5+ Kh6 51. Nf7+ Kg7 52. Ne5+ Kh6 53. Nf7+ 1/2-1/2

[Event "IM Not A GM Speed Chess"]
[Site "chess.com INT"]
[Date "2020.04.30"]
[Round "2.8"]
[White "Trent, Lawrence"]
[Black "Bartholomew, John"]
[Result "1/2-1/2"]
[WhiteTitle "IM"]
[BlackTitle "IM"]
[WhiteElo "2399"]
[BlackElo "2446"]
[WhiteFideId "408638"]
[BlackFideId "2019353"]
[EventDate "2020.04.18"]

1. d4 d5 2. c4 c6 3. Nf3 Nf6 4. Nc3 dxc4 5. e4 b5 6. e5 Nd5 7. a4 h6 8. Be2 Be6
9. O-O Nxc3 10. bxc3 Bd5 11. e6 Bxe6 12. Ne5 Bd5 13. Bf3 e6 14. axb5 cxb5 15.
Bh5 g6 16. Bf3 Bg7 17. Ba3 Bf8 18. Bc1 Bg7 19. Ba3 Bf8 20. Bc1 1/2-1/2

[Event "IM Not A GM Speed Chess"]
[Site "chess.com INT"]
[Date "2020.04.30"]
[Round "2.9"]
[White "Bartholomew, John"]
[Black "Trent, Lawrence"]
[Result "1-0"]
[WhiteTitle "IM"]
[BlackTitle "IM"]
[WhiteElo "2446"]
[BlackElo "2399"]
[WhiteFideId "2019353"]
[BlackFideId "408638"]
[EventDate "2020.04.18"]

1. d4 f5 2. Nc3 d5 3. Bf4 c6 4. e3 Nf6 5. Bd3 e6 6. Nge2 Bd6 7. O-O O-O 8. a4 a5
9. b3 b6 10. Na2 Na6 11. c4 Bb7 12. Rc1 c5 13. cxd5 Nxd5 14. Bxd6 Qxd6 15. Nac3
Nxc3 16. Rxc3 cxd4 17. Nxd4 Nc5 18. Bc4 Kh8 19. Nxe6 Qc6 20. Nf4 Rad8 21. Qh5
Qf6 22. Rcc1 g5 23. Ne2 f4 24. exf4 gxf4 25. f3 Qg7 26. Rcd1 Rde8 27. Nxf4 Bc6
28. Qh4 Re5 29. Rde1 Rg5 30. Re7 Rxf4 31. Rxg7 Rxh4 32. Rxg5 Bxa4 33. Rg8# 1-0

[Event "IM Not A GM Speed Chess"]
[Site "chess.com INT"]
[Date "2020.04.29"]
[Round "2.10"]
[White "Trent, Lawrence"]
[Black "Bartholomew, John"]
[Result "0-1"]
[WhiteTitle "IM"]
[BlackTitle "IM"]
[WhiteElo "2399"]
[BlackElo "2446"]
[WhiteFideId "408638"]
[BlackFideId "2019353"]
[EventDate "2020.04.18"]

1. d4 d5 2. Nc3 Nf6 3. Bf4 a6 4. e3 Bf5 5. f3 e6 6. g4 Bg6 7. h4 h6 8. h5 Bh7 9.
Bd3 Bxd3 10. cxd3 Bd6 11. Nge2 c5 12. dxc5 Bxc5 13. Rc1 Nc6 14. d4 Bd6 15. Qb3
Na5 16. Qa4+ b5 17. Qd1 Nc4 18. Qb3 Nh7 19. a4 Ng5 20. Bxg5 Qxg5 21. Nd1 b4 22.
Qd3 b3 23. Qxb3 O-O 24. Qd3 f5 25. b3 Na5 26. gxf5 Rxf5 27. f4 Qg2 28. Rg1 Bb4+
29. Ndc3 Qh3 30. Rb1 Rc8 31. Kd1 Qf3 32. Rg3 Rxc3 33. Qxc3 Qf1+ 34. Kd2 Bxc3+
35. Nxc3 Qf2+ 36. Ne2 Rf7 37. Rh1 Nxb3+ 38. Kd3 Rc7 39. Rhg1 Na5 40. R3g2 Qf3
41. f5 Qe4+ 42. Kd2 Nb3+ 43. Ke1 Qxe3 44. f6 Rc1# 0-1

[Event "IM Not A GM Speed Chess"]
[Site "chess.com INT"]
[Date "2020.04.30"]
[Round "2.11"]
[White "Bartholomew, John"]
[Black "Trent, Lawrence"]
[Result "0-1"]
[WhiteTitle "IM"]
[BlackTitle "IM"]
[WhiteElo "2446"]
[BlackElo "2399"]
[WhiteFideId "2019353"]
[BlackFideId "408638"]
[EventDate "2020.04.18"]

1. d4 Nf6 2. Nf3 e6 3. c4 c5 4. d5 exd5 5. cxd5 d6 6. Nc3 g6 7. Bf4 Bg7 8. e3
O-O 9. h3 Qe7 10. Be2 Ne4 11. Rc1 Nxc3 12. bxc3 Nd7 13. O-O Ne5 14. Nd2 Bd7 15.
a4 f5 16. Bh2 g5 17. Bb5 a6 18. Bxd7 Qxd7 19. Bxe5 Bxe5 20. Nc4 Rae8 21. Qh5 Bf6
22. a5 Re4 23. Nb6 Qg7 24. c4 Rh4 25. Qe2 g4 26. g3 gxh3 27. Kh2 Rg4 28. Kxh3
Be5 29. Qf3 h5 30. Rh1 Rf6 31. Rcg1 h4 32. Kg2 hxg3 33. Kf1 gxf2 34. Qxf2 Rfg6
35. Rxg4 fxg4 36. Ke2 g3 37. Qf5 g2 38. Rg1 Qf7 39. Qh3 Rg3 40. Rxg2 Qf3+ 0-1

[Event "IM Not A GM Speed Chess"]
[Site "chess.com INT"]
[Date "2020.04.30"]
[Round "2.12"]
[White "Trent, Lawrence"]
[Black "Bartholomew, John"]
[Result "1-0"]
[WhiteTitle "IM"]
[BlackTitle "IM"]
[WhiteElo "2399"]
[BlackElo "2446"]
[WhiteFideId "408638"]
[BlackFideId "2019353"]
[EventDate "2020.04.18"]

1. d4 d5 2. Nf3 Nf6 3. c4 c6 4. Qc2 dxc4 5. e4 Bg4 6. Nbd2 e6 7. Bxc4 Nbd7 8.
O-O Be7 9. a3 O-O 10. Bd3 h6 11. h3 Bxf3 12. Nxf3 c5 13. d5 exd5 14. exd5 Nxd5
15. Rd1 N5f6 16. Bf4 Qb6 17. Bc4 Rad8 18. Qg6 Nd5 19. Qg3 Nxf4 20. Qxf4 Qxb2 21.
Rab1 Qf6 22. Qxf6 Nxf6 23. Rxd8 Rxd8 24. Rxb7 Rd1+ 25. Kh2 Bd6+ 26. g3 Nd5 27.
Rd7 Nb6 28. Bxf7+ Kf8 29. Rxa7 c4 30. Nh4 g5 31. Nf5 c3 32. Bb3 Rd2 33. Kg2 Bc5
34. Rf7+ Ke8 35. Ng7+ Kd8 36. Ne6+ Ke8 37. Nxc5 Rb2 38. Rf3 c2 39. Bxc2 Rxc2 40.
Ne4 Ke7 41. Nf6 Nd5 42. Nxd5+ 1-0

[Event "IM Not A GM Speed Chess"]
[Site "chess.com INT"]
[Date "2020.04.30"]
[Round "2.13"]
[White "Bartholomew, John"]
[Black "Trent, Lawrence"]
[Result "1-0"]
[WhiteTitle "IM"]
[BlackTitle "IM"]
[WhiteElo "2446"]
[BlackElo "2399"]
[WhiteFideId "2019353"]
[BlackFideId "408638"]
[EventDate "2020.04.18"]

1. d4 Nf6 2. Nf3 e6 3. c4 c5 4. d5 exd5 5. cxd5 d6 6. Nc3 g6 7. Bf4 Bg7 8. e3
O-O 9. h3 Qe7 10. Nd2 Nh5 11. Bh2 f6 12. Be2 f5 13. Bxh5 gxh5 14. Qxh5 f4 15.
O-O-O b5 16. Bxf4 Bf5 17. Qg5 Qc7 18. Nce4 Nd7 19. Nxd6 Qa5 20. Nxf5 Rxf5 21.
Qxf5 Qxa2 22. Qb1 Qa4 23. Ne4 Nb6 24. Nc3 Qc4 25. Qa2 Qb4 26. Qa3 Qc4 27. Qa2
Qb4 28. d6+ Nc4 29. Kc2 a5 30. d7 Bf6 31. Qb3 a4 32. Qxb4 cxb4 33. Nxb5 b3+ 34.
Kb1 Nxb2 35. Bc7 Nxd1 36. Rxd1 Bd8 37. Bxd8 Rxd8 38. Na7 a3 39. Nc6 1-0

[Event "IM Not A GM Speed Chess"]
[Site "chess.com INT"]
[Date "2020.04.30"]
[Round "2.14"]
[White "Trent, Lawrence"]
[Black "Bartholomew, John"]
[Result "1-0"]
[WhiteTitle "IM"]
[BlackTitle "IM"]
[WhiteElo "2399"]
[BlackElo "2446"]
[WhiteFideId "408638"]
[BlackFideId "2019353"]
[EventDate "2020.04.18"]

1. d4 d5 2. c4 c6 3. Nf3 Nf6 4. Qc2 dxc4 5. e4 Bg4 6. Nbd2 e6 7. Bxc4 Be7 8. O-O
Bh5 9. Qb3 Qb6 10. Qxb6 axb6 11. Ne5 Nbd7 12. Nxd7 Nxd7 13. f3 b5 14. Be2 Nb6
15. b3 Bf6 16. Bb2 O-O-O 17. e5 Bxe5 18. a4 Bxd4+ 19. Bxd4 Rxd4 20. Ne4 bxa4 21.
bxa4 Nxa4 22. Rfc1 Kc7 23. Bb5 Nb6 24. Nc5 Ra8 25. Rab1 Bg6 26. Rb2 Rad8 27. Bf1
Rd1 28. Rc3 Rb1 29. Rxb1 Bxb1 30. Ra3 Ra8 31. Rb3 Bg6 32. h4 h5 33. Kh2 Ra7 34.
Rc3 Nd5 35. Rc1 b6 36. Nb3 c5 37. Nd4 Kd8 38. Nc6+ Kc7 39. Nxa7 Nb4 40. Nb5+ Kc6
41. Nc3 Kd6 42. Rd1+ Ke5 43. g3 Nd5 44. f4+ Kd6 45. Bg2 Bc2 46. Rd2 Bb3 47. Be4
g6 48. Kg1 Kc6 49. Kf2 b5 50. Ke1 b4 51. Nxd5 exd5 52. Bc2 Bc4 53. Ba4+ Kd6 54.
Kd1 d4 55. Rf2 f5 56. Kc1 Kd5 57. Rc2 d3 58. Rd2 Kd4 59. Be8 Bd5 60. Bxg6 Be4
61. Bxh5 c4 62. Ra2 c3 63. Bd1 Bd5 64. Ra4 Kc5 65. Ra5+ Kd4 66. Rxd5+ Kxd5 67.
h5 Kc4 68. h6 b3 69. h7 d2+ 70. Kb1 Kd3 71. Bxb3 c2+ 72. Bxc2+ Ke3 73. h8=Q Kf3
74. Bd1+ 1-0

[Event "IM Not A GM Speed Chess"]
[Site "chess.com INT"]
[Date "2020.04.30"]
[Round "2.15"]
[White "Bartholomew, John"]
[Black "Trent, Lawrence"]
[Result "1-0"]
[WhiteTitle "IM"]
[BlackTitle "IM"]
[WhiteElo "2446"]
[BlackElo "2399"]
[WhiteFideId "2019353"]
[BlackFideId "408638"]
[EventDate "2020.04.18"]

1. Nf3 g6 2. d4 Bg7 3. Bg5 d6 4. e3 Nf6 5. Nbd2 O-O 6. Bc4 c5 7. c3 Nc6 8. O-O
Qc7 9. h3 b6 10. Qe2 Bb7 11. Rfd1 Rac8 12. Bf4 Qb8 13. Bh2 Qa8 14. a3 Rfe8 15.
b4 cxd4 16. cxd4 Nb8 17. Ng5 Bd5 18. Rac1 Bxc4 19. Rxc4 Nbd7 20. Rdc1 h6 21.
Ngf3 a6 22. Rc7 Rxc7 23. Rxc7 Rc8 24. Qc4 Rxc7 25. Qxc7 Qb8 26. Qc6 Bf8 27. Nc4
b5 28. Na5 Qb6 29. Qc8 Kg7 30. Nd2 d5 31. Qc6 e6 32. Ndb3 Qxc6 33. Nxc6 Ne4 34.
Bc7 Nc3 35. Nc5 Bxc5 36. bxc5 Nb1 37. Nb4 Nxa3 38. c6 Nf6 39. Be5 Nc4 40. c7 Nb6
41. Nxa6 g5 42. Nc5 Kg6 43. Bxf6 b4 44. Be5 Nc8 45. Kf1 Kf5 46. g4+ Kg6 47. Ke2
f6 48. Bh2 Kf7 49. Kd2 Ke7 50. Kc2 e5 51. dxe5 1-0

[Event "IM Not A GM Speed Chess"]
[Site "chess.com INT"]
[Date "2020.04.30"]
[Round "2.16"]
[White "Trent, Lawrence"]
[Black "Bartholomew, John"]
[Result "0-1"]
[WhiteTitle "IM"]
[BlackTitle "IM"]
[WhiteElo "2399"]
[BlackElo "2446"]
[WhiteFideId "408638"]
[BlackFideId "2019353"]
[EventDate "2020.04.18"]

1. f4 d5 2. Nf3 g6 3. g3 Bg7 4. Bg2 Nf6 5. O-O O-O 6. d3 b6 7. c3 Bb7 8. Qe1
Nbd7 9. h3 c5 10. Na3 a6 11. Nc2 Qc7 12. g4 Rae8 13. Qh4 e5 14. f5 e4 15. Ng5
exd3 16. exd3 Re2 17. Ne3 d4 18. fxg6 dxe3 19. gxh7+ Kh8 20. Be4 Qh2# 0-1

[Event "IM Not A GM Speed Chess"]
[Site "chess.com INT"]
[Date "2020.04.30"]
[Round "2.17"]
[White "Bartholomew, John"]
[Black "Trent, Lawrence"]
[Result "1-0"]
[WhiteTitle "IM"]
[BlackTitle "IM"]
[WhiteElo "2446"]
[BlackElo "2399"]
[WhiteFideId "2019353"]
[BlackFideId "408638"]
[EventDate "2020.04.18"]

1. d4 Nf6 2. Nf3 Nc6 3. Nc3 d5 4. Bg5 e6 5. e4 Bb4 6. e5 h6 7. Bd2 Ne4 8. Bd3
Bxc3 9. bxc3 Nxd2 10. Qxd2 Bd7 11. h4 Qe7 12. Rb1 b6 13. c4 dxc4 14. Bxc4 Na5
15. Bd3 Bc6 16. Qf4 Rd8 17. c3 Bd5 18. a4 Qd7 19. Bb5 Bc6 20. O-O a6 21. Bxa6
Bxa4 22. Bd3 Bc6 23. Rbd1 Qe7 24. h5 O-O 25. c4 Nb3 26. d5 Nc5 27. d6 cxd6 28.
exd6 Qf6 29. Qxf6 gxf6 30. Bc2 Bxf3 31. gxf3 f5 32. Kh2 Kg7 33. Rd4 Rd7 34. Rb1
Rb8 35. f4 Kf6 36. Kg3 Rdd8 37. Kf3 Rb7 38. Rb2 Ra8 39. Rd1 Rd8 40. Rd4 Ra8 41.
Rd1 Nd7 42. Rd4 Ra3+ 43. Kg2 Rba7 44. Bd1 Rc3 45. Bf3 Ra8 46. Bxa8 1-0

[Event "IM Not A GM Speed Chess"]
[Site "chess.com INT"]
[Date "2020.04.30"]
[Round "2.18"]
[White "Trent, Lawrence"]
[Black "Bartholomew, John"]
[Result "0-1"]
[WhiteTitle "IM"]
[BlackTitle "IM"]
[WhiteElo "2399"]
[BlackElo "2446"]
[WhiteFideId "408638"]
[BlackFideId "2019353"]
[EventDate "2020.04.18"]

1. c4 c6 2. Nc3 d5 3. d4 Nf6 4. Nf3 dxc4 5. e4 b5 6. Be2 Bg4 7. h3 Bh5 8. a4 b4
9. e5 bxc3 10. exf6 cxb2 11. fxg7 Bxg7 12. Bxb2 Qa5+ 13. Kf1 c3 14. Ba3 O-O 15.
Qc2 Bg6 16. Bd3 Nd7 17. Bxe7 Rfe8 18. Re1 c5 19. Bxg6 hxg6 20. d5 Rab8 21. d6
Rb2 22. Qd3 c2 23. g3 Qxe1+ 24. Kg2 Qxh1+ 25. Kxh1 c1=Q+ 0-1

[Event "IM Not A GM Speed Chess"]
[Site "chess.com INT"]
[Date "2020.04.30"]
[Round "2.19"]
[White "Bartholomew, John"]
[Black "Trent, Lawrence"]
[Result "1-0"]
[WhiteTitle "IM"]
[BlackTitle "IM"]
[WhiteElo "2446"]
[BlackElo "2399"]
[WhiteFideId "2019353"]
[BlackFideId "408638"]
[EventDate "2020.04.18"]

1. d4 c5 2. c3 Nf6 3. Nf3 e6 4. Bg5 b6 5. e4 Be7 6. Nbd2 Bb7 7. e5 Nd5 8. Bxe7
Qxe7 9. Ne4 O-O 10. Qd2 cxd4 11. cxd4 f5 12. Nd6 Bc6 13. Bc4 a6 14. a4 Kh8 15.
O-O a5 16. b3 Nb4 17. Qg5 Qxg5 18. Nxg5 h6 19. Nh3 g5 20. f4 g4 21. Nf2 h5 22.
Rac1 Bd5 23. Nd3 Bxc4 24. Nxc4 Nxd3 25. Rc3 Nb4 26. Nxb6 Ra6 27. Nc4 N8c6 28.
Rd1 h4 29. g3 h3 30. Ne3 Rb8 31. d5 Nxd5 32. Nxd5 exd5 33. Rxd5 Rab6 34. Rxd7
Rxb3 35. Rxc6 Rb1+ 36. Kf2 R8b2+ 37. Ke3 Re1+ 38. Kd3 Rd1+ 39. Kc3 Rxd7 40. Kxb2
Rd2+ 41. Rc2 Rd4 42. Kb3 Kg7 43. Rc7+ Kf8 44. Rc5 Rd2 45. Rc2 Rd3+ 46. Rc3 Rd2
47. Rc2 Rg2 48. Kc3 Kf7 49. Kd3 Ke6 50. Rd2 Kd5 51. Ke3+ 1-0

[Event "IM Not A GM Speed Chess"]
[Site "chess.com INT"]
[Date "2020.04.30"]
[Round "2.20"]
[White "Trent, Lawrence"]
[Black "Bartholomew, John"]
[Result "1-0"]
[WhiteTitle "IM"]
[BlackTitle "IM"]
[WhiteElo "2399"]
[BlackElo "2446"]
[WhiteFideId "408638"]
[BlackFideId "2019353"]
[EventDate "2020.04.18"]

1. e4 d5 2. Nf3 dxe4 3. Ng5 Bf5 4. Nc3 Nf6 5. Qe2 Nc6 6. Qb5 Bd7 7. Qxb7 Rb8 8.
Qa6 Nb4 9. Qc4 e6 10. Ncxe4 Nxe4 11. Nxe4 Bb5 12. Qc3 Qd4 13. Bxb5+ Rxb5 14. d3
Qxc3+ 15. Nxc3 Rb8 16. Kd1 Bd6 17. a3 Nc6 18. Ne4 Be7 19. Re1 O-O 20. c3 Rfd8
21. Kc2 e5 22. Ng3 g6 23. f4 exf4 24. Bxf4 Rd7 25. d4 Bd6 26. Bxd6 cxd6 27. Ne4
Kg7 28. Nd2 Rc8 29. Kd3 Ne7 30. Re2 Nd5 31. Rf1 f5 32. g3 Rb7 33. c4 Nb6 34. b3
a5 35. a4 Nd7 36. Rfe1 Rcc7 37. Re7+ Kh6 38. h4 Kh5 39. Kc2 Kg4 40. Rxh7 d5 41.
Ree7 dxc4 42. Nxc4 Kxg3 43. h5 g5 44. Rhg7 g4 45. h6 Kf2 46. h7 Rc8 47. Rg8 Rbb8
48. h8=Q Rxg8 49. Qh2+ Kf3 50. Nd2# 1-0

[Event "IM Not A GM Speed Chess"]
[Site "chess.com INT"]
[Date "2020.04.30"]
[Round "2.21"]
[White "Bartholomew, John"]
[Black "Trent, Lawrence"]
[Result "1/2-1/2"]
[WhiteTitle "IM"]
[BlackTitle "IM"]
[WhiteElo "2446"]
[BlackElo "2399"]
[WhiteFideId "2019353"]
[BlackFideId "408638"]
[EventDate "2020.04.18"]

1. d4 Nc6 2. Nf3 Nf6 3. c4 e6 4. Nc3 Bb4 5. Qc2 d5 6. Bg5 h6 7. Bxf6 Qxf6 8. e3
O-O 9. a3 Bxc3+ 10. Qxc3 dxc4 11. Bxc4 Re8 12. Bb5 Bd7 13. O-O Rad8 14. Rac1 Re7
15. Qc5 b6 16. Qc3 Na5 17. Bxd7 Rdxd7 18. Ne5 Rd6 19. b4 Nb7 20. Nc6 Red7 21.
Nxa7 c5 22. dxc5 Qxc3 23. Rxc3 bxc5 24. b5 Rd3 25. Rxd3 Rxd3 26. a4 Ra3 27. Nc6
Rxa4 28. Rd1 c4 29. g3 c3 30. Rc1 Rc4 31. Nd4 Nd6 32. b6 e5 33. Nc2 Rc6 34. Rb1
Nb7 35. Kf1 Kf8 36. Ke2 e4 37. g4 Ke7 38. Rb4 Kd6 39. Rd4+ Kc5 40. Rxe4 Rxb6 41.
Kd3 Kd6 42. Kxc3 Rc6+ 43. Kd2 Nc5 44. Rb4 Ke7 45. Nd4 Ra6 46. Rb2 h5 47. h3 hxg4
48. hxg4 Kf6 49. Ke2 Kg6 50. Rc2 Ne4 51. f3 Nf6 52. Kf2 Ra3 53. Nf5 Kh7 54. Rc7
Kg6 55. Nh4+ Kg5 56. Ng2 Nxg4+ 57. fxg4 Kxg4 58. Rxf7 Ra2+ 59. Kg1 g5 60. Rf2
Ra1+ 61. Kh2 Ra3 62. Rf8 Ra2 63. e4 Re2 64. Re8 Kf3 65. Rf8+ Kxe4 66. Kg3 Kd4
67. Ne1 Rxe1 68. Kg4 Rg1+ 69. Kh3 g4+ 70. Kh2 Re1 71. Rf4+ Re4 72. Kg3 Rxf4 73.
Kxf4 g3 74. Kxg3 1/2-1/2

[Event "IM Not A GM Speed Chess"]
[Site "chess.com INT"]
[Date "2020.04.30"]
[Round "2.22"]
[White "Trent, Lawrence"]
[Black "Bartholomew, John"]
[Result "1-0"]
[WhiteTitle "IM"]
[BlackTitle "IM"]
[WhiteElo "2399"]
[BlackElo "2446"]
[WhiteFideId "408638"]
[BlackFideId "2019353"]
[EventDate "2020.04.18"]

1. d4 d5 2. Bf4 c5 3. e4 dxe4 4. d5 Nf6 5. Nc3 a6 6. Qe2 g6 7. O-O-O Bg7 8. Kb1
O-O 9. h4 b5 10. Nxe4 Nxe4 11. Qxe4 Bb7 12. h5 Nd7 13. hxg6 hxg6 14. Bg5 Qb6 15.
Qh4 f6 16. Qh7+ Kf7 17. Bh6 Rg8 18. Bd3 Ne5 19. Nf3 Nxd3 20. Rxd3 c4 21. Re3 Qd6
22. Ng5+ fxg5 23. Rf3+ Qf6 24. Rxf6+ exf6 25. Bxg7 Rxg7 26. Qh2 Kg8 27. Qd6 Re8
28. Qxf6 Bxd5 29. a3 Be4 30. Qxg5 Rf7 31. f3 Bf5 32. g4 Kg7 33. gxf5 Rxf5 34.
Qh6+ Kf6 35. Rg1 Rg8 36. Qh7 Rg7 37. Qh4+ Kf7 38. Rg5 Rxf3 39. Re5 Rf1+ 40. Ka2
Rf6 41. Qe4 Kg8 42. Re8+ Rf8 43. Qe6+ Rf7 44. Qxg6+ Rg7 45. Qe6+ Rf7 46. Rxf8+
Kxf8 47. Qc8+ Kg7 48. Qxa6 Rf5 49. Qb6 Kf7 50. Qc6 Ke7 51. a4 bxa4 52. Qxc4 a3
53. Qb4+ Ke6 54. Qxa3 Re5 55. Qa6+ Kf5 56. Qd3+ Kf6 57. b4 Ke7 58. Qd4 Re6 59.
Kb3 Ke8 60. b5 Re7 61. b6 Rd7 62. Qe5+ Kd8 63. Qb8+ Ke7 64. b7 1-0

[Event "IM Not A GM Speed Chess"]
[Site "chess.com INT"]
[Date "2020.04.30"]
[Round "2.23"]
[White "Bartholomew, John"]
[Black "Trent, Lawrence"]
[Result "1-0"]
[WhiteTitle "IM"]
[BlackTitle "IM"]
[WhiteElo "2446"]
[BlackElo "2399"]
[WhiteFideId "2019353"]
[BlackFideId "408638"]
[EventDate "2020.04.18"]

1. e4 e5 2. Nf3 Nc6 3. Bb5 a6 4. Ba4 Nf6 5. O-O Bc5 6. c3 b5 7. Bb3 d6 8. d4 Bb6
9. Bg5 Bg4 10. Bd5 Qd7 11. dxe5 Nxd5 12. exd5 Nxe5 13. Nxe5 dxe5 14. Qd3 O-O 15.
Nd2 f6 16. Be3 Bxe3 17. fxe3 c6 18. Qe4 cxd5 19. Qb4 Rfc8 20. a4 Rab8 21. a5 Be6
22. Rad1 Qd6 23. Nb3 Qxb4 24. cxb4 Rc4 25. Nc5 Bc8 26. Rxd5 Rxb4 27. Rd8+ Kf7
28. Nxa6 Bxa6 29. Rxb8 Ra4 30. b4 Rxb4 31. Ra8 Bb7 32. Ra7 1-0

[Event "IM Not A GM Speed Chess"]
[Site "chess.com INT"]
[Date "2020.04.29"]
[Round "2.1"]
[White "Yip, Carissa"]
[Black "Shahade, Gregory"]
[Result "1-0"]
[WhiteTitle "IM"]
[BlackTitle "IM"]
[WhiteElo "2420"]
[BlackElo "2476"]
[WhiteFideId "2090732"]
[BlackFideId "2009064"]
[EventDate "2020.04.18"]

1. e4 e5 2. Nc3 Nf6 3. f4 d5 4. fxe5 Nxe4 5. Qf3 f5 6. d3 Nxc3 7. bxc3 d4 8. Qg3
dxc3 9. Be2 Be6 10. Bf3 Nc6 11. Ne2 Qd7 12. Be3 Nb4 13. Rc1 Nxa2 14. Bxb7 Nxc1
15. Qf3 Kf7 16. Bxa8 Nxe2 17. Kxe2 Be7 18. Bc6 Qc8 19. Ra1 a6 20. Bb7 Qd7 21.
Rxa6 c5 22. Bc6 Qc7 23. Bd5 Bxd5 24. Qxd5+ Ke8 25. Ra8+ Bd8 26. Qe6+ Qe7 27.
Qxe7+ Kxe7 28. Bxc5+ Kd7 29. Bb6 g5 30. Rxd8+ Rxd8 31. Bxd8 Kxd8 32. d4 f4 33.
Kd3 g4 34. Ke4 1-0

[Event "IM Not A GM Speed Chess"]
[Site "chess.com INT"]
[Date "2020.04.30"]
[Round "2.2"]
[White "Shahade, Gregory"]
[Black "Yip, Carissa"]
[Result "1-0"]
[WhiteTitle "IM"]
[BlackTitle "IM"]
[WhiteElo "2476"]
[BlackElo "2420"]
[WhiteFideId "2009064"]
[BlackFideId "2090732"]
[EventDate "2020.04.18"]

1. e4 e5 2. Nf3 Nc6 3. Bb5 a6 4. Ba4 g6 5. d4 exd4 6. Nxd4 Bg7 7. Nxc6 bxc6 8.
Nc3 Ne7 9. Bg5 h6 10. Be3 O-O 11. Qd2 Kh7 12. O-O-O Rb8 13. f3 d6 14. Bd4 Bxd4
15. Qxd4 c5 16. Qd2 Bd7 17. Bxd7 Qxd7 18. e5 Nf5 19. Ne4 Qb5 20. b3 dxe5 21. Qc3
Nd4 22. Qxc5 Kg7 23. a4 Qe8 24. Rhe1 Qe6 25. Nc3 Nxb3+ 26. cxb3 Qxb3 27. Re2 Rb4
28. Qxe5+ f6 29. Rd7+ Kh8 30. Qxc7 Qa3+ 31. Kd2 Rb2+ 32. Ke1 Rxe2+ 33. Nxe2 Qb4+
34. Kf2 Qh4+ 35. g3 Qxh2+ 36. Ke1 1-0

[Event "IM Not A GM Speed Chess"]
[Site "chess.com INT"]
[Date "2020.04.30"]
[Round "2.3"]
[White "Yip, Carissa"]
[Black "Shahade, Gregory"]
[Result "1/2-1/2"]
[WhiteTitle "IM"]
[BlackTitle "IM"]
[WhiteElo "2420"]
[BlackElo "2476"]
[WhiteFideId "2090732"]
[BlackFideId "2009064"]
[EventDate "2020.04.18"]

1. e4 e5 2. Nc3 Nf6 3. f4 d5 4. fxe5 Nxe4 5. Qf3 f5 6. d3 Nxc3 7. bxc3 d4 8. Qg3
dxc3 9. Be2 Be6 10. Bf3 Nc6 11. Ne2 Qd7 12. Be3 h6 13. Bxc6 bxc6 14. Nd4 g5 15.
Nxe6 Qxe6 16. Bd4 Bb4 17. O-O c5 18. Bf2 O-O 19. a3 Ba5 20. Bxc5 Bb6 21. Bxb6
axb6 22. d4 Qc4 23. Rad1 c6 24. Qh3 Qe6 25. Qxc3 Ra5 26. h3 Rfa8 27. Rf3 f4 28.
Qd3 Rd8 29. Kh2 Rad5 30. c4 Rxd4 31. Qxd4 Rxd4 32. Rxd4 Qxe5 33. Rd7 Qe6 34. Rb7
Qxc4 35. Rxb6 h5 36. Rb4 Qd5 37. a4 Qe5 38. Rc4 Qd5 39. Rb4 Qe5 40. Rc4 Qd5 41.
Rb4 1/2-1/2

[Event "IM Not A GM Speed Chess"]
[Site "chess.com INT"]
[Date "2020.05.01"]
[Round "2.4"]
[White "Shahade, Gregory"]
[Black "Yip, Carissa"]
[Result "1-0"]
[WhiteTitle "IM"]
[BlackTitle "IM"]
[WhiteElo "2476"]
[BlackElo "2420"]
[WhiteFideId "2009064"]
[BlackFideId "2090732"]
[EventDate "2020.04.18"]

1. e4 e5 2. Nf3 Nc6 3. Bc4 Nf6 4. d3 h6 5. c3 d6 6. Nbd2 g6 7. O-O Bg7 8. Re1
O-O 9. Bb3 Na5 10. Bc2 c5 11. b4 cxb4 12. cxb4 Nc6 13. b5 Ne7 14. Ba3 Be6 15.
Nc4 Nc8 16. Bb3 Re8 17. Rc1 Nh5 18. Ne3 Nb6 19. Bxe6 Rxe6 20. Nc4 d5 21. Nxb6
axb6 22. Qb3 Nf4 23. Rcd1 d4 24. g3 Nh3+ 25. Kg2 Qf6 26. Rd2 Ng5 27. Nxg5 hxg5
28. f3 g4 29. fxg4 Qg5 30. Rf2 Rf6 31. Ref1 Rxf2+ 32. Rxf2 Kh7 33. h3 f6 34. Bb4
f5 35. gxf5 gxf5 36. Rxf5 Qe3 37. Rh5+ Kg6 38. Qe6+ 1-0

[Event "IM Not A GM Speed Chess"]
[Site "chess.com INT"]
[Date "2020.05.01"]
[Round "2.5"]
[White "Yip, Carissa"]
[Black "Shahade, Gregory"]
[Result "1-0"]
[WhiteTitle "IM"]
[BlackTitle "IM"]
[WhiteElo "2420"]
[BlackElo "2476"]
[WhiteFideId "2090732"]
[BlackFideId "2009064"]
[EventDate "2020.04.18"]

1. e4 c5 2. Nf3 Nc6 3. d4 cxd4 4. Nxd4 g6 5. Nc3 Bg7 6. Be3 Nf6 7. Bc4 O-O 8.
Bb3 d6 9. f3 Bd7 10. Qd2 Nxd4 11. Bxd4 b5 12. h4 a5 13. h5 a4 14. Bd5 b4 15.
Bxf6 exf6 16. Ne2 f5 17. hxg6 hxg6 18. Qf4 Qf6 19. Bxa8 Rxa8 20. Rb1 Rc8 21. c3
a3 22. O-O axb2 23. Rxb2 bxc3 24. Rc2 Ba4 25. e5 dxe5 26. Qxa4 Qb6+ 27. Kh1 e4
28. fxe4 Bf6 29. exf5 Kg7 30. Ng1 Rh8+ 31. Nh3 Qb7 32. Qg4 Rh4 33. Qg3 Qe4 34.
Rcf2 g5 35. Kg1 Rg4 36. Qf3 Bd4 37. Qxe4 Rxe4 38. Kh2 Bxf2 39. Rxf2 g4 40. Ng1
Re1 41. g3 Rb1 42. Kg2 Rb2 43. Ne2 c2 44. Nc1 Kf6 45. Kf1 Ke5 46. Ke1 Rb8 47.
Kd2 Rc8 48. Rf4 f6 49. Nd3+ Kd5 50. Nb4+ Ke5 51. Nxc2 Rd8+ 52. Ke2 Rc8 53. Ne3
Ra8 54. Nxg4+ Kd5 55. a4 Kd6 56. Ne3 Ke7 57. Kf3 Kf7 58. Re4 Rb8 59. Kf4 Rg8 60.
Kf3 Ra8 61. g4 Ra5 62. Rd4 Ra8 63. Kf4 Kg7 64. Rd7+ Kh6 65. Rd4 Rb8 66. Nd5 Rf8
67. a5 Ra8 68. Ra4 Rb8 69. a6 Kg7 70. a7 Ra8 71. Nc7 Rd8 72. Ne6+ Kh6 73. Nxd8
Kg7 74. Ne6+ Kh6 75. a8=Q Kh7 76. Ra7+ Kh6 77. Qh8# 1-0